| 000 | 02425nam0a2200373 4500 | ||
|---|---|---|---|
| 001 | RU\NLR\BIBL_A\012647924 | ||
| 005 | 20231010151743.0 | ||
| 010 | _a978-5-6045458-5-0 | ||
| 021 |
_aRU _bКН-П-22-030572 _9КН-П-22-2601 |
||
| 021 |
_aRU _bКН-П-21-047386 _9КН-П-21-3732 |
||
| 035 | _a(NLR Aleph) 012647924 | ||
| 090 |
_a12717027 _c12717027 |
||
| 100 | _a20211122d2020 um y0rusy50 ca | ||
| 101 | 0 | _arus | |
| 102 | _aRU | ||
| 105 | _aa|||j|||000zy | ||
| 181 | 0 |
_ai3 _bab2e |
|
| 182 | 0 | _an | |
| 200 | 1 |
_aСистемные особенности дизайн-проектирования _eучебно-методическое пособие по дисциплине "Проектирование" для обучающихся по направлению подготовки 54.04.01 - Дизайн, профиль Промышленный дизайн _fК.В. Ракитин, Н.Г. Якуничев _gМинистерство науки и высшего образования Российской Федерации, Федеральное государственное бюджетное образовательное учреждение высшего образования Санкт-Петербургская государственная художественно-промышленная академия имени А.Л. Штиглица, Кафедра промышленного дизайна |
|
| 203 |
_aТекст _bвизуальный _cнепосредственный |
||
| 210 |
_aСанкт-Петербург _cСПГХПА им. А.Л. Штиглица _d2020 |
||
| 215 |
_a31, [1] с. _cил., цв. ил. _d20 |
||
| 320 | _aБиблиогр.: с. 21-22 (14 назв.) | ||
| 606 | 1 |
_aХудожественное конструирование _jУчебно-методические пособия _2nlr_sh2 _3RU\NLR\AUTH\66106392 |
|
| 606 | 1 |
_aХудожественное конструирование _xКадры _xПодготовка _jУчебно-методические пособия _2nlr_sh2 _3RU\NLR\AUTH\661169226 |
|
| 686 | 1 | _aЩ129.05 я7 | |
| 686 | 1 | _aЧ489.78я7 | |
| 700 | 1 |
_aРакитин _bК. В. _gКирилл Вадимович |
|
| 701 | 1 |
_aЯкуничев _bН. Г. _gНиколай Геннадьевич |
|
| 942 | _cBOOK | ||
| 980 | _aNBR | ||
| 980 | _aNB | ||